Piata kniha o Bratislave : Od Rakúsko-Uhorska do súčasnosti /

Salvato in:
Dettagli Bibliografici
Autore principale: Dvořák, Pavel (Autore)
Altri autori: Brunovský, Albín (Illustratore), Dvořák, Jakub (Fotografo, Redattore), Bystrický, Valerián (Revisore)
Natura: Libro
Lingua:slovacco
Pubblicazione: Budmerice : Vydavateľstvo Rak Budmerice, 2012
Edizione:1. vydanie
Serie:Stopy dávnej minulosti
Soggetti:
Tags: Aggiungi Tag
Nessun Tag, puoi essere il primo ad aggiungerne!!

MARC

LEADER 00000nam a22000003a 4500
001 0101860
003 SK-STU
005 20230517152615.5
007 ta
008 230511s ----xo-----e------000-0-----d
020 |a 978-80-85501-56-8 
040 |a STU  |b slo 
041 0 |a slo 
044 |a xo 
100 1 |a Dvořák, Pavel  |4 aut 
245 1 0 |a Piata kniha o Bratislave :  |b Od Rakúsko-Uhorska do súčasnosti /  |c aut. Pavel Dvořák ; ilustr. Albín Brunovský ; fotogr. Jakub Dvořák ; rec. Valerián Bystrický 
246 3 1 |a 5 kníh o Bratislave 
250 |a 1. vydanie 
260 |a Budmerice :  |b Vydavateľstvo Rak Budmerice,  |c 2012 
300 |a 320 s. 
490 0 |a Stopy dávnej minulosti 
500 |a Cyklus Knihy o Bratislave, 5. zv. 
650 0 7 |a Bratislava 
650 0 7 |a 19. storočie 
650 0 7 |a 20. storočie 
650 0 7 |a 1. svetová vojna 
650 0 7 |a druhá svetová vojna 
650 0 7 |a hlavné mesto SR 
700 1 |a Brunovský, Albín  |4 ill 
700 1 |a Dvořák, Jakub  |4 pht  |4 edt 
700 1 |a Bystrický, Valerián  |4 rev 
996 |b 284AU09679  |c A* 13041/U  |l AAKNST  |s P  |a 0  |w 0101860_0001